Thèse pour le doctorat en médecine, préséntée et soutenue le 2 juin 1853 par M.-J.-Thomas Collet, né à Franzè (Eure-et-Loir). De la myopie et de la presbyopie; des véritables modificacions oculaires qui les déterminent. Le candidat répondra aux questions qui lui seront faites sur les diverses parties de l'enseignement médical

Detalles Bibliográficos
Autor principal: Collet, M. J. Thomas
Formato: Libro
Lenguaje:French
Publicado: Paris 1853
Materias:
Colección:Banco de datos
Acervo:Biblioteca Pública Central del Estado de Durango. Lic. José Ignacio Gallegos Caballero. Colección José Fernando Ramírez
Descripción Física:96 p. 4°
Tema general:Medicina
Notas:Portada con pleca. Encuadernación en cartón con lomo en piel. Sello en tinta de la Biblioteca Pública del Estado de Durango
LEADER 00982nam a22001810004500
035 |a 2643 
041 0 |a fre 
100 1 |a Collet, M. J. Thomas 
245 1 0 |a Thèse pour le doctorat en médecine, préséntée et soutenue le 2 juin 1853 par M.-J.-Thomas Collet, né à Franzè (Eure-et-Loir). De la myopie et de la presbyopie; des véritables modificacions oculaires qui les déterminent. Le candidat répondra aux questions qui lui seront faites sur les diverses parties de l'enseignement médical 
260 |a Paris  |b Rignoux, imprimeur de la Faculté de Médecine  |c 1853 
300 |a 96 p.  |c 4° 
500 |a Portada con pleca. Encuadernación en cartón con lomo en piel. Sello en tinta de la Biblioteca Pública del Estado de Durango 
501 |a 14 obras 
650 1 0 |a Medicina 
949 |a CR. 3667-K 
942 |c DURANRAM 
943 |g Biblioteca Pública Central del Estado de Durango. Lic. José Ignacio Gallegos Caballero. Colección José Fernando Ramírez 
999 |c 1079573  |d 1079573